000
00285nam a22001097a 4500
999
_c
167340
_d
167340
082
_a
_b
100
_a
Gomathi Amma
245
_a
Mohan Rakesh ke natak aak visaleshanathmak adhyayan/
_c
by Gomathi Amma.
260
_a
Mathura:
_b
Jawahar Pustakalaya,
_c
2009.
650
_a
942
_c
BK